Renforcer la participation a la gestion des dépenses publiques: recommandations a l'intention des principaux acteurs
Salvato in:
| Autore principale: | |
|---|---|
| Ente Autore: | |
| Natura: | Libro |
| Lingua: | francese |
| Pubblicazione: |
Paris
OCDE
2002
|
| Serie: | Cahier de politique économique
No. 22 |
| Soggetti: | |
| Tags: |
Nessun Tag, puoi essere il primo ad aggiungerne!!
|
MARC
| LEADER | 00000nam a2200000 4500 | ||
|---|---|---|---|
| 001 | 0024440 | ||
| 005 | 20221129100456.7 | ||
| 041 | 0 | |a fre | |
| 044 | |a FR | ||
| 245 | 1 | 0 | |a Renforcer la participation a la gestion des dépenses publiques: recommandations a l'intention des principaux acteurs |c par Jeremy Heimans |
| 264 | 1 | |a Paris |b OCDE |c 2002 | |
| 300 | |a 46 s. | ||
| 490 | 1 | |a Cahier de politique économique |v No. 22 | |
| 830 | 0 | |a Cahier de politique économique |v No. 22 | |
| 610 | 2 | 0 | |a rozpočtovníctvo |
| 610 | 2 | 0 | |a rozpočtovanie |
| 610 | 2 | 0 | |a politika rozpočtová |
| 610 | 2 | 0 | |a výdavky verejné |
| 610 | 2 | 0 | |a spoločnosť občianska |
| 610 | 2 | 0 | |a vláda |
| 610 | 2 | 0 | |a OECD |
| 100 | 1 | |a Heimans, Jeremy | |
| 710 | 2 | |a OECD. Development Centre | |